Top 20 Busiest Airports in the United States - Statistics

General Stats
  • This quiz has been taken 45 times
  • The average score is 17 of 20
Answer Stats
Airport Passangers a Year % Correct
San Francisco 25 M
100%
Atlanta 52.5 M
98%
Dallas-Fort Worth 42.6 M
98%
John F. Kennedy 31.5 M
98%
Los Angeles 37.7 M
98%
O'Hare 38.9 M
98%
George Bush 23.3 M
95%
Logan 21.1 M
95%
Miami 26.9 M
93%
Denver 40.2 M
90%
Harry Reid 28.4 M
90%
LaGuardia 16.7 M
90%
Seattle-Tacoma 25.4 M
90%
Detroit 16.3 M
80%
Phoenix 25.5 M
78%
Charlotte 28.5 M
73%
Orlando 27.8 M
73%
Newark 24.5 M
71%
Minneapolis-St Paul 20 M
68%
Fort Lauderdale 17.2 M
29%
No matching quizzes found
Score Distribution
Percent of People with Each Score
Percentile by Number Answered
Your Score History
You have not taken this quiz